[Event "Levitov Chess Week Blitz 2019"]
[Site "Amsterdam"]
[Date "2019.08.03"]
[Round "3.3"]
[White "Kramnik, Vladimir"]
[Black "Svidler, Peter"]
[Result "1-0"]
[WhiteElo "2748"]
[BlackElo "2805"]
[Annotator "TA"]
[PlyCount "65"]
[EventDate "2019.08.04"]
[EventType "tourn"]
[EventCountry "NED"]
[SourceTitle "playchess.com"]
[Source "ChessBase"]
[SourceQuality "1"]

{[%evp 15,65,0,0,0,10,6,7,14,19,10,29,22,47,54,42,43,94,93,93,68,130,131,128,138,257,75,277,265,253,134,250,252,250,210,225,68,66,11,94,89,84,0,0,0,186,184,29972,29973,29988,47,29989,29990]} 1. d4 Nf6 2. Nf3 g6 3. Bg5 Bg7 4. c3 O-O 5. Nbd2 d5 6. e3 Nbd7 7. Be2 Re8 8. O-O e5 9. Rc1 {D03: 1 d4 d5 2 Nf3 Nf6 3 Bg5, including Torre Attack with early ...d5} c6 10. h3 e4 11. Nh2 {The position is equal.} Nf8 $146 ({Predecessor:} 11... h6 12. Bh4 Nf8 13. c4 g5 14. Bg3 Ng6 15. b4 Re7 16. Re1 Ne8 {1-0 (41) Malaniuk,V (2582)-Duquesnoy,J (2186) Calvi 2010}) 12. c4 Qa5 13. a3 dxc4 14. Bxf6 $1 Bxf6 15. Bxc4 Bf5 (15... Qd8 $14) 16. g4 $16 Bd7 17. f3 Bg5 (17... exf3 $14 18. Rxf3 Kg7) 18. Rc3 $1 exf3 19. Qxf3 Kh8 (19... Be6 $16) 20. Ne4 $2 ({Don't take} 20. Qxf7 $6 Be6 $16) ({Less strong is} 20. Nb3 Qd8 $16) (20. Bxf7 $18 {and the rest is easy. Black must now prevent Ne4.} Re7 21. Ne4) 20... Rxe4 $2 (20... Be6 $16 {was necessary.}) 21. Qxe4 $18 Re8 22. Qf3 (22. Qg2 $1 $18) 22... f5 (22... f6 $16 23. Bf7 Re7) 23. gxf5 Bxf5 24. Ng4 {Strongly threatening Ne5.} Nd7 {[%cal Bf8d7,Bd7f6,Bf6e4][%mdl 32] [#]} 25. Qg3 $2 (25. h4 $1 $18 {[%cal Rh4g5]} Qd8 26. hxg5 Qxg5 27. Be2) 25... Qd8 $1 $14 26. Be2 ({White should try} 26. Rf3 $14) 26... Bxg4 (26... Qe7 $11 {keeps the balance.}) 27. Bxg4 $16 ({Don't play} 27. hxg4 $6 Qe7 $11) 27... Nf6 {With the idea ...Ne4.} 28. Rd3 ({White should play} 28. Be6 $1 $16 {Hoping for Qe5.} h6 29. Bf7) 28... Ne4 $11 29. Qf3 h5 $2 {[#]} (29... Nf6 $11) 30. Bxh5 $1 $18 gxh5 $2 (30... Qd6 $18 31. Kg2 c5) 31. Qxh5+ Kg8 32. Qg6+ Kh8 {[#]} 33. Rf7 $1 {Accuracy: White = 48%, Black = 27%.} 1-0

[Event "Levitov Chess Week Blitz 2019"]
[Site "Amsterdam"]
[Date "2019.08.03"]
[Round "3.4"]
[White "Nepomniachtchi, Ian"]
[Black "Bareev, Evgeny"]
[Result "1/2-1/2"]
[WhiteElo "2815"]
[BlackElo "2678"]
[Annotator "TA"]
[PlyCount "90"]
[EventDate "2019.08.04"]
[EventType "tourn"]
[EventCountry "NED"]
[SourceTitle "playchess.com"]
[Source "ChessBase"]
[SourceQuality "1"]

{[%evp 14,90,0,0,20,10,16,2,41,27,37,29,41,28,71,75,93,77,91,72,86,43,45,43,44,0,0,-30,0,-29,-16,-14,-13,-79,-104,-204,-201,-285,-281,-262,-227,-369,-259,-266,-240,-260,-277,-277,-277,-351,-277,-226,-138,-208,-125,-304,-294,-265,-81,-192,0,-81,-81,-81,0,0,0,0,0,0,0,-89,0,0,0,0,0,0,0]} 1. e4 e6 2. d4 d5 3. Nc3 Nf6 4. e5 Nfd7 5. f4 c5 6. Nf3 Nc6 7. Be3 Be7 8. Qd2 b6 {C11: French: Classical System: 4 e5 and 4 Bg5 dxe4} 9. Bb5 Bb7 10. h4 $146 ({Predecessor:} 10. O-O a6 11. Bxc6 Bxc6 12. Nd1 Qc7 13. Nf2 O-O-O 14. a4 Kb8 15. b3 Bb7 16. Nd3 {1-0 (60) Aronian,L (2767)-Caruana,F (2822) chess.com INT 2018}) 10... a6 11. Bxc6 $1 Bxc6 12. h5 h6 13. g4 b5 14. Ne2 b4 15. f5 c4 16. O-O Nf8 17. a3 c3 18. bxc3 bxa3 19. Nf4 (19. f6 $5 gxf6 20. exf6 (20. Bxh6 Rg8 $15) 20... Bxf6 21. Bxh6 $11) 19... Bb5 $36 {[%mdl 2048] Black has the initiative.} 20. Rfb1 Qd7 21. f6 (21. Qg2 $5 {[%cal Re3c1]}) 21... gxf6 22. exf6 Bxf6 23. Rxa3 (23. Nd3 $11) 23... Rg8 $17 24. Qg2 (24. Nh2 $17) 24... e5 $1 $19 25. dxe5 (25. Nxd5 {was called for.} Qxd5 26. Nxe5 Qxg2+ 27. Kxg2 Bxe5 28. Rxb5 Rxg4+ 29. Kf2) 25... Rxg4 26. exf6 Rxg2+ 27. Kxg2 (27. Nxg2 $142 Qd6 28. Raa1 Qxf6 29. Nd4) 27... Ne6 28. Nxe6 Qxe6 29. Rxb5 {Threatens to win with c4.} Qxe3 30. Rxd5 {Hoping for Re5+.} Kf8 (30... Qe2+ 31. Kg3 $19) 31. Rd6 Qe4 32. Kg3 Qb7 {[%mdl 1024] Black has strong compensation.} ({Not} 32... Qe3 33. Raxa6 Rxa6 34. Rxa6 $17) 33. c4 (33. Raxa6 $17 {was necessary.} Qxa6 34. Rxa6 Rxa6 35. Ne5) 33... Kg8 34. c5 $2 (34. Rad3 $17) 34... Kh7 35. Rad3 Qb2 $2 (35... Qb4 $19 {has better winning chances.} 36. R3d5 Rg8+ 37. Kf2 Qf4) 36. c3 (36. c6 $17 {only move.}) 36... Qc1 $2 (36... Rg8+ $19 37. Kf4 Qg2) 37. c6 (37. Rd7 $1 $11 Rg8+ 38. Kf2) 37... Rg8+ $17 38. Kf2 {[#] White wants to play Rd7.} Qc2+ (38... Qb2+ $1 $17 39. Ke3 Qa2) 39. Ke3 $11 Re8+ 40. Kf4 Qc1+ 41. Kg3 Rg8+ ({Better is} 41... Re4 $11) 42. Kf2 $1 $17 {[#] and if Rd7 works, White does fine.} Qc2+ (42... Qb2+ $1 $17 43. Ke3 Qc1+ 44. Kf2) 43. Ke3 $11 {The position is equal.} Re8+ 44. Kf4 Qc1+ ({Don't play} 44... Qf2 45. Rd7 $16) 45. Kg3 Rg8+ {Accuracy: White = 32%, Black = 43%.} 1/2-1/2

[Event "Levitov Chess Week Blitz 2019"]
[Site "Amsterdam"]
[Date "2019.08.03"]
[Round "4.1"]
[White "Giri, Anish"]
[Black "Bareev, Evgeny"]
[Result "1-0"]
[WhiteElo "2772"]
[BlackElo "2678"]
[Annotator "TA"]
[PlyCount "159"]
[EventDate "2019.08.04"]
[EventType "tourn"]
[EventCountry "NED"]
[SourceTitle "playchess.com"]
[Source "ChessBase"]
[SourceQuality "1"]

{[%evp 14,159,8,8,13,11,15,11,11,11,14,27,20,13,14,14,37,10,29,29,29,25,27,28,37,35,78,-8,62,59,58,51,51,29,77,22,19,27,42,25,42,49,56,56,64,70,56,56,94,94,95,56,56,60,60,68,61,38,174,59,125,104,135,97,104,104,125,125,125,125,125,125,150,125,154,154,162,162,162,125,162,162,206,125,157,154,240,155,155,155,162,125,155,155,155,0,155,81,155,0,155,155,155,155,155,127,140,0,155,155,155,155,155,155,155,155,155,155,155,155,155,155,29978,29979,29979,29980,29980,29980,29981,29982,29982,29983,29983,29984,29993,29988,29988,29989,29991,29992,29992,29991,29995,29992,29992,29988,29988,29989]} 1. e4 e6 2. d4 d5 3. Nc3 Nf6 4. e5 Nfd7 5. f4 c5 6. Nf3 Nc6 7. Be3 Be7 8. Qd2 b6 {C11: French: Classical System: 4 e5 and 4 Bg5 dxe4} (8... O-O 9. dxc5 Nxc5 10. O-O-O a6 11. h4 b5 12. Bd3 b4 13. Bxc5 Bxc5 14. Na4 Ba7 15. Qe2 f5 16. g4 Ne7 17. Ng5 {0-1 (45) Caruana,F (2828)-Nyzhnyk,I (2638) chess.com INT 2019}) 9. Be2 Bb7 10. O-O O-O {The position is equal.} 11. Nd1 cxd4 12. Nxd4 Nxd4 13. Bxd4 Nc5 14. Nf2 {[#]} Qc8 $146 ({Predecessor:} 14... Rc8 15. c3 Qc7 16. b4 {1-0 (46) Areshchenko,A (2672)-Wang,H (2712) Mamaia 2015}) 15. Rfe1 Ne4 16. Nxe4 dxe4 17. c3 Rd8 18. Qe3 Qc6 19. a4 g6 20. a5 (20. b4 $1 $16) 20... b5 (20... bxa5 $11 21. Rxa5 a6) 21. b4 a6 22. Bb6 Rd7 23. Red1 Rc8 24. Rxd7 (24. Bd4 $16) 24... Qxd7 $11 25. Rd1 Bd5 26. g3 Qc6 27. Bd4 Bb3 28. Rd2 Rc7 29. Bf1 Bd5 30. Rd1 Bb3 31. Re1 Bd5 32. h3 Rd7 33. Kh2 h5 34. g4 hxg4 35. hxg4 Rd8 {[#]} (35... Qc7 $14) 36. Kg3 (36. f5 $1 $18 {[%mdl 512]}) 36... Bf8 (36... Kg7 $14) 37. Be2 Bg7 38. g5 Bf8 39. Rh1 Qb7 40. Kg4 {Qh3 is the strong threat.} Rc8 41. Bf1 Bg7 42. Bg2 Rc7 43. Re1 Bf8 44. Bxe4 Bxe4 45. Qxe4 Qc8 46. Re3 Rc4 47. Rd3 Rc6 48. Kf3 Rc4 49. Ke2 Rc6 (49... Rc7 $16 {is a better defense.} 50. Kd2 Rd7) 50. Kf2 Rc4 51. Kg2 Rc6 52. Qf3 Rc4 53. Bb6 {Hoping for Rd8.} Be7 54. Bd4 $2 (54. Kg3 $16) 54... Kg7 $2 (54... Bf8 $1 $11) 55. Qh3 (55. Kg3 $142) 55... Kg8 ({Black should try} 55... Qb7+ 56. Qf3 Qc8) 56. Qf3 Kg7 57. Kg3 Kg8 58. Kg4 Bf8 59. Qh3 Qc6 60. Qf3 Qc8 $1 61. Rd1 Rc6 62. Qh3 Rc4 63. Rh1 $40 {[%csl Gh1][%cal Rh3h8][%mdl 128] White attacks with force.} Bg7 64. Bc5 Rxc5 65. bxc5 Qxc5 $16 {[%mdl 4096] Endgame KQR-KQB} 66. Qf3 Bf8 67. Qa8 Qxc3 $2 {[#]} (67... Kg7 $16 68. Qg2 (68. Qxa6 Qd5 $11) 68... Kg8) 68. Rh8+ $1 {[%mdl 576] Deflection, Decoy. White mates.} Kxh8 69. Qxf8+ {[%mdl 64] Double Attack. KQ-KQ} Kh7 70. Qxf7+ {[%mdl 64] Double Attack} Kh8 71. Qf8+ Kh7 72. Qh6+ Kg8 73. Qxg6+ {[%mdl 64] Double Attack} Kh8 74. Qh6+ Kg8 75. Qxe6+ Kh8 76. g6 Qc7 77. Kh5 b4 78. f5 Qd8 79. Qf6+ Qxf6 80. exf6 {Accuracy: White = 56%, Black = 35%.} 1-0

[Event "Levitov Chess Week Blitz 2019"]
[Site "Amsterdam"]
[Date "2019.08.03"]
[Round "4.2"]
[White "Svidler, Peter"]
[Black "Nepomniachtchi, Ian"]
[Result "0-1"]
[WhiteElo "2805"]
[BlackElo "2815"]
[Annotator "RC"]
[PlyCount "130"]
[EventDate "2019.08.04"]
[EventType "tourn"]
[EventCountry "NED"]
[SourceTitle "playchess.com"]
[Source "ChessBase"]
[SourceQuality "1"]
[TimeControl "180+2"]

1. c4 {[%emt 0:00:00]} e5 {[%emt 0:00:00]} 2. g3 {[%emt 0:00:00]} Nc6 {[%emt 0:00:00]} 3. Bg2 {[%emt 0:00:02]} h5 {[%emt 0:00:02]} 4. h3 {[%emt 0:00:11]} Bc5 {[%emt 0:00:01]} 5. Nc3 {[%emt 0:00:08]} d6 {[%emt 0:00:01]} 6. d3 {[%emt 0:00:07]} Nge7 {[%emt 0:00:03]} 7. Nf3 {[%emt 0:00:03]} a6 {[%emt 0:00:00]} 8. a3 {[%emt 0:00:03]} f6 {[%emt 0:00:02]} 9. b4 {[%emt 0:00:04]} Ba7 {[%emt 0:00:01]} 10. e3 {[%emt 0:00:14]} Be6 {[%emt 0:00:01]} 11. Bb2 {[%emt 0:00:05]} Qd7 {[%emt 0:00:02]} 12. Qc2 {[%emt 0:00:04]} d5 {[%emt 0:00:12]} 13. c5 {[%emt 0:00:03]} Nd8 {[%emt 0:00:01]} 14. d4 {[%emt 0:00:30]} e4 {[%emt 0:00:01]} 15. Nd2 {[%emt 0:00:01]} Nf7 {[%emt 0:00:03]} 16. h4 {[%emt 0:00:12]} Bg4 {[%emt 0:00:04]} 17. Nxd5 {[%emt 0:00:07]} Nxd5 {[%emt 0:00:19]} 18. Qxe4+ {[%emt 0:00:04]} Be6 {[%emt 0:00:01]} 19. Bh3 {[%emt 0:00:20]} Nd8 {[%emt 0:00:01]} 20. Qg6+ {[%emt 0:00:11]} Qf7 {[%emt 0:00:06]} 21. Qxf7+ {[%emt 0:00:02]} Kxf7 {[%emt 0:00:02]} 22. Bxe6+ {[%emt 0:00:05]} Nxe6 {[%emt 0:00:02]} 23. e4 {[%emt 0:00:01]} Ne7 {[%emt 0:00:04]} 24. d5 {[%emt 0:00:01]} Nf8 {[%emt 0:00:32]} 25. Nc4 {[%emt 0:00:22]} b6 {[%emt 0:00:00]} 26. d6 {[%emt 0:00:17]} bxc5 {[%emt 0:00:33]} 27. dxe7 {[%emt 0:00:04]} Kxe7 {[%emt 0:00:02]} 28. O-O {[%emt 0:00:19]} Ne6 {[%emt 0:00:01]} 29. Rfc1 {[%emt 0:00:05]} cxb4 {[%emt 0:00:05]} 30. axb4 {[%emt 0:00:01]} Rhd8 {[%emt 0:00:01]} 31. Kg2 {[%emt 0:00:03]} Bd4 {[%emt 0:00:03]} 32. Bxd4 {[%emt 0:00:03]} Rxd4 {[%emt 0:00:02]} 33. f3 {[%emt 0:00:01]} Rb8 {[%emt 0:00:08]} 34. Na5 {[%emt 0:00:01]} Kf7 {[%emt 0:00:01]} 35. Nc6 {[%emt 0:00:02]} Rd2+ {[%emt 0:00:01]} 36. Kf1 {[%emt 0:00:01]} Rb6 {[%emt 0:00:00]} 37. Rc3 {[%emt 0:00:03]} g5 {[%emt 0:00:26]} 38. hxg5 {[%emt 0:00:01]} Nxg5 {[%emt 0:00:00]} 39. Rac1 {[%emt 0:00:01]} Kg7 {[%emt 0:00:08]} 40. Ke1 {[%emt 0:00:04]} Rg2 {[%emt 0:00:02]} 41. Nd4 {[%emt 0:00:03]} Rg1+ {[%emt 0:00:38]} 42. Kf2 {[%emt 0:00:03]} Rxc1 {[%emt 0:00:01]} 43. Rxc1 {[%emt 0:00:00]} Rxb4 {[%emt 0:00:00]} 44. Rxc7+ {[%emt 0:00:01]} Kf8 {[%emt 0:00:03]} 45. Ke3 {[%emt 0:00:02]} Ra4 {[%emt 0:00:06]} 46. Ra7 {[%emt 0:00:05]} Ke8 {[%emt 0:00:06]} 47. Kd3 {[%emt 0:00:03]} Ra3+ {[%emt 0:00:02]} 48. Ke2 {[%emt 0:00:01]} Ra2+ {[%emt 0:00:02]} 49. Ke3 {[%emt 0:00:01]} Ra4 {[%emt 0:00:01]} 50. Kd3 {[%emt 0:00:01]} Nf7 {[%emt 0:00:06]} 51. f4 {[%emt 0:00:02]} Nd6 {[%emt 0:00:01]} 52. Ra8+ {[%emt 0:00:05]} Kd7 {[%emt 0:00:01]} 53. e5 {[%emt 0:00:00]} fxe5 {[%emt 0:00:03]} 54. fxe5 {[%emt 0:00:01]} Ra3+ {[%emt 0:00:00]} 55. Kc2 {[%emt 0:00:02]} Ne4 {[%emt 0:00:06]} 56. e6+ {[%emt 0:00:02]} Kd6 {[%emt 0:00:02]} 57. Rd8+ {[%emt 0:00:01]} Ke7 {[%emt 0:00:02]} 58. Rd7+ {[%emt 0:00:01]} Kf6 {[%emt 0:00:02]} 59. Rf7+ {[%emt 0:00:04]} Kg6 {[%emt 0:00:01]} 60. Rf4 {[%emt 0:00:05]} Rc3+ {[%emt 0:00:05]} 61. Kb2 {[%emt 0:00:01]} Re3 {[%emt 0:00:00]} 62. Nf5 {[%emt 0:00:03]} Re2+ {[%emt 0:00:01]} 63. Ka3 {[%emt 0:00:01]} Nxg3 {[%emt 0:00:06]} 64. Nxg3 {[%emt 0:00:05]} Re3+ {[%emt 0:00:05]} 65. Ka4 {[%emt 0:00:01]} Rxg3 {[%emt 0:00:02]} 0-1

[Event "Levitov Chess Week Blitz 2019"]
[Site "Amsterdam"]
[Date "2019.08.03"]
[Round "4.3"]
[White "Gelfand, Boris"]
[Black "Kramnik, Vladimir"]
[Result "0-1"]
[WhiteElo "2700"]
[BlackElo "2748"]
[Annotator "TA"]
[PlyCount "108"]
[EventDate "2019.08.04"]
[EventType "tourn"]
[EventCountry "NED"]
[SourceTitle "playchess.com"]
[Source "ChessBase"]
[SourceQuality "1"]

{[%evp 11,108,45,84,-33,-33,-80,-80,-60,-71,-77,-26,-63,-64,-53,-31,-27,-27,-34,-30,-42,-22,-31,7,3,23,20,29,19,22,13,81,8,10,6,16,2,47,41,41,0,0,0,4,0,8,0,10,0,0,0,0,0,30,0,20,0,0,0,0,0,0,0,0,0,0,0,0,0,0,-24,-8,-143,-141,-128,-124,-162,-97,-97,-97,-97,-97,-106,-93,-98,-83,-105,-102,-121,-78,-394,-392,-316,-293,-1037,-1008,-7714,-7270,-5106,-2178]} 1. c4 e6 2. Nc3 b6 3. d4 Bb4 4. e4 Bb7 5. f3 f5 6. exf5 Nh6 7. Bf4 $146 {A40: Unusual replies to 1 d4} (7. fxe6 $16 Nf5 8. Bd3) ({Predecessor:} 7. fxe6 Nf5 8. Bf4 dxe6 9. Qa4+ Nc6 10. O-O-O Bxc3 11. bxc3 O-O 12. Nh3 Na5 13. Bd3 c5 14. dxc5 Qf6 15. Qc2 Rac8 16. g4 {1-0 (25) Inarkiev,E (2660)-Morozevich,A (2711) Poikovsky 2015}) 7... Nxf5 $15 8. Nge2 O-O 9. Qd3 {Black is better.} Nc6 10. d5 Nce7 ({Better is} 10... exd5 $17 {Hoping for ...d4.} 11. Qxd5+ Rf7) 11. dxe6 dxe6 12. O-O-O Ng6 13. Qxd8 Raxd8 14. Rxd8 Rxd8 15. Bxc7 Rc8 16. Bg3 $1 e5 {[%mdl 1024] Black has compensation.} 17. Bf2 Ba6 ({Much weaker is} 17... Rxc4 $6 18. Ng3 $16) 18. a3 Bf8 19. Ng3 Nd4 20. Nge4 Nf4 (20... Bxc4 $11 21. Bxc4+ Rxc4) 21. Kb1 (21. g3 $16 Nfe6 22. Nd2) 21... Bxc4 $11 22. Bxc4+ Rxc4 23. g3 Nd3 (23... Nfe6 {seems wilder.} 24. Nd2 Rc7 25. Re1 Nc6 26. Rc1 Ncd4) 24. Bxd4 exd4 25. Nd5 Ne5 26. Nd2 Rc5 27. Nf4 d3 28. Rd1 Rc6 29. h4 b5 {[%cal Bb6b5,Bb5b4][%mdl 32]} 30. Ne4 Rc4 31. Nd2 Ra4 32. Nb3 b4 33. Nxd3 Nxd3 34. Rxd3 bxa3 {[%mdl 4096] Endgame KRB-KRN} 35. Rd8 Rb4 36. Ka2 axb2 37. Kxb2 Rb7 38. Kc2 Kf7 39. Nd4 Be7 40. Ra8 Bc5 41. Nc6 (41. Ne2 $11 {remains equal.}) 41... Rc7 $17 42. Ne5+ Ke6 $1 {[%cal Re6e5]} 43. f4 Bd4+ (43... Bf2+ $19 44. Kd3 Bxg3 {[%mdl 64] Double Attack} 45. Re8+ Kd6 46. Rd8+ Kc5) 44. Kd3 Bxe5 45. fxe5 Kxe5 {KR-KR} 46. Ke3 Kf5 47. Kf3 Rc3+ 48. Kf2 Ra3 49. Rg8 g6 50. Rc8 $2 {[%mdl 8192]} (50. Rg7 $17 {is a better chance.}) 50... Kg4 $1 $19 51. Rc4+ {[#]} Kh3 $1 52. Rc7 $2 {[#]} (52. h5 Ra2+ 53. Kf3) 52... h5 $1 {Black is clearly winning.} 53. Rg7 Rxg3 54. Rxa7 Kxh4 {Accuracy: White = 40%, Black = 58%.} 0-1

[Event "Levitov Chess Week Blitz 2019"]
[Site "Amsterdam"]
[Date "2019.08.03"]
[Round "4.4"]
[White "Anand, Viswanathan"]
[Black "Grischuk, Alexander"]
[Result "1-0"]
[WhiteElo "2730"]
[BlackElo "2733"]
[Annotator "TA"]
[PlyCount "49"]
[EventDate "2019.08.04"]
[EventType "tourn"]
[EventCountry "NED"]
[SourceTitle "playchess.com"]
[Source "ChessBase"]
[SourceQuality "1"]

{[%evp 9,49,24,20,7,18,18,18,-14,24,6,19,0,35,36,40,39,43,39,47,43,58,0,0,0,0,0,65,76,68,69,84,46,179,178,403,267,273,277,265,269,29987,29987]} 1. e4 e5 2. Nf3 Nc6 3. Bb5 Nf6 4. d3 Bc5 5. Bxc6 dxc6 6. Nbd2 {C65: Ruy Lopez: Berlin Defence (3...Nf6), unusual lines and 4 0-0 Bc5} O-O 7. Nc4 Nd7 8. Rg1 $146 {The position is equal.} ({Predecessor:} 8. Qe2 Re8 9. h4 b5 10. Na5 Bb4+ 11. Bd2 Bxa5 12. Bxa5 Nf8 {1-0 (35) Nepomniachtchi,I (2751)-Bologan,V (2610) Poikovsky 2018}) 8... Re8 9. g4 a5 10. Bg5 (10. Ne3 {is more complex.} b6 11. h4 b5 12. g5 Nb6 13. h5) 10... Be7 (10... f6 {is interesting.} 11. Bd2 a4 12. Ne3 Nf8 13. h4 Be6) 11. Bxe7 Qxe7 12. Qd2 a4 13. Ne3 Nc5 14. Nf5 Qf8 15. O-O-O (15. a3 $14) 15... b5 $11 16. Kb1 Rb8 17. Qb4 f6 (17... g6 $11) 18. g5 $1 $36 {[%cal Rg5f6][%mdl 2048] gxf6 is the strong threat. White is in control.} Bxf5 19. exf5 {aiming for gxf6.} Nd7 20. Qh4 Kh8 ({Black should try} 20... a3 $1 $14) 21. Rg3 $1 $18 b4 $2 (21... fxg5 {might work better.} 22. Nxg5 (22. Rxg5 Re7 $14) (22. Qxg5 Qe7 $14) 22... Qxf5) 22. Rdg1 b3 {[#]} 23. cxb3 $1 ({Weaker is} 23. Qxa4 e4 $11) 23... axb3 {[#]} 24. a3 $1 Nc5 $2 (24... Re7 $18 25. Rh3 Qg8 26. gxf6 Nxf6) 25. Rh3 {Accuracy: White = 62%, Black = 31%.} 1-0

[Event "Levitov Chess Week Blitz 2019"]
[Site "Amsterdam"]
[Date "2019.08.03"]
[Round "5.1"]
[White "Grischuk, Alexander"]
[Black "Giri, Anish"]
[Result "1-0"]
[WhiteElo "2733"]
[BlackElo "2772"]
[Annotator "TA"]
[PlyCount "65"]
[EventDate "2019.08.04"]
[EventType "tourn"]
[EventCountry "NED"]
[SourceTitle "playchess.com"]
[Source "ChessBase"]
[SourceQuality "1"]

{[%evp 9,65,8,11,8,10,6,22,11,35,7,55,58,67,45,53,61,79,86,126,121,125,126,160,120,183,122,128,125,120,119,121,122,144,139,140,109,109,97,143,130,136,139,126,120,218,189,177,182,153,50,55,66,113,25,74,76,64,79]} 1. Nf3 d5 2. d3 g6 3. Nbd2 Bg7 4. e4 dxe4 5. dxe4 Nf6 6. Bc4 {A06: Réti Opening:1 Nf3 d5} O-O 7. O-O Nc6 8. c3 {The position is equal.} Nd7 $146 ({Predecessor:} 8... Nh5 9. Re1 Na5 10. Bf1 c5 11. Qc2 Qc7 12. Nc4 Nxc4 13. Bxc4 Bg4 {0-1 (47) Gvetadze,S (2361)-Ozturk,K (2291) Kocaeli 2014}) 9. Qc2 Nb6 10. Be2 a5 11. a4 e5 12. Rd1 Be6 13. Nc4 Qe7 14. Nxb6 cxb6 15. Be3 Qc7 16. Ng5 Nd8 (16... Nd4 $16 17. Nxe6 (17. Bxd4 exd4 18. Nxe6 fxe6 $11) 17... Nxe6) 17. Nxe6 (17. Qd3 $18) 17... Nxe6 $16 18. Qb3 Nc5 19. Qb5 Rfd8 20. Bc4 h5 21. Bd5 Rd6 22. Qc4 {Hoping for b4.} Rad8 23. Rdb1 Na6 {[#]} 24. b4 $1 axb4 25. cxb4 Qxc4 26. Bxc4 Nb8 (26... Bf8 $16) 27. b5 Nd7 28. Bd5 Rb8 29. a5 (29. Rd1 $16 {aiming for Bxf7+!} Bf8 30. f4) 29... bxa5 $1 $14 30. Ba7 Ra8 31. b6 ({Better is} 31. Rxa5 $16 Rd8 32. Raa1 (32. Bxb7 Nc5 $16 {[%mdl 64] Back Rank})) 31... Nc5 32. Rxa5 Rc8 33. Rc1 {Accuracy: White = 56%, Black = 48%.} 1-0

[Event "Levitov Chess Week Blitz 2019"]
[Site "Amsterdam"]
[Date "2019.08.03"]
[Round "5.2"]
[White "Kramnik, Vladimir"]
[Black "Anand, Viswanathan"]
[Result "1-0"]
[WhiteElo "2748"]
[BlackElo "2730"]
[Annotator "TA"]
[PlyCount "113"]
[EventDate "2019.08.04"]
[EventType "tourn"]
[EventCountry "NED"]
[SourceTitle "playchess.com"]
[Source "ChessBase"]
[SourceQuality "1"]

{[%evp 9,113,0,2,5,19,11,14,7,23,24,29,16,25,22,45,34,48,31,37,14,21,0,38,15,35,2,16,16,10,6,5,-50,12,9,0,0,27,-3,18,15,8,15,25,0,114,125,217,243,253,243,246,243,228,222,288,250,413,413,516,216,218,218,218,218,218,218,218,218,254,254,254,254,281,279,279,279,279,279,279,0,279,220,279,279,281,220,281,281,281,281,281,281,281,281,281,281,281,0,281,281,281,281,29979,29980,29980,29981]} 1. c4 e5 2. d3 Nf6 3. Nf3 Nc6 4. a3 g6 (4... d5 5. cxd5 Nxd5 6. e3 a5 7. Be2 Bd6 8. b3 O-O 9. Bb2 f5 10. Nbd2 Qe7 11. Qc2 Bd7 {1-0 (52) Shankland,S (2725)-Van Foreest,J (2612) Wijk aan Zee 2019}) 5. b4 d6 6. Bb2 {A20: English Opening: 1...e5} Bg7 7. e3 O-O 8. Be2 {The position is equal.} Ne7 $146 ({Predecessor:} 8... h6 9. Nc3 g5 10. O-O g4 11. Nd2 h5 {0-1 (40) Debashis,D (2544)-Mikalsen,E (2357) Stockholm 2018}) 9. O-O Re8 10. Nc3 Nf5 11. Ne4 Nxe4 12. dxe4 Ne7 13. Qc2 Nc6 14. Rfd1 Qe7 15. Nd2 Nd8 16. Nb3 Ne6 17. Rd2 b6 18. a4 {[%cal Ba3a4,Ba4a5][%mdl 32]} Bb7 19. a5 Rab8 20. Rad1 (20. Rdd1 $11) 20... h5 ({Better is} 20... Qh4 $15 21. Bd3 bxa5) 21. c5 dxc5 22. bxc5 bxa5 23. Rd7 Qh4 24. c6 $36 {[%mdl 2048] White fights for an advantage.} Bxc6 $1 25. Qxc6 {Qc2 is the strong threat.} Rxb3 26. g3 Qf6 {[#]} (26... Qh3 $11 {keeps the balance.} 27. Bc3 Rxc3 $1 {[%mdl 512]} 28. Qxc3 Nd4 29. exd4 Qxd7 30. dxe5 Bxe5 31. Rxd7 Bxc3) 27. Bxe5 $1 $16 {[%mdl 512]} Qxe5 (27... Rb6 $16 28. Qxb6 (28. Bxf6 Rxc6 29. Bxg7 Kxg7 $11) 28... axb6 29. Bxf6 Bxf6) 28. R7d5 $18 {[%mdl 64] Discovered Attack} Reb8 29. Rxe5 Bxe5 30. Bc4 R3b6 31. Qa4 Rb4 32. Qa2 ({Don't play} 32. Qxa5 $6 Rxc4 33. Qxe5 Rc2 $16) 32... Re8 $2 (32... R8b6 {was worth a try.} 33. Bxe6 (33. Qxa5 Rxc4 34. Qxe5 Rc2 $16) 33... Rxe6 34. Qxa5 Rxe4 35. Rd8+ (35. Qxa7 Bd6 $16) 35... Kh7 36. Qxa7 Re7) 33. Qxa5 Rxc4 34. Qxe5 (34. Qb5 $142 Rf8 35. Qxc4) 34... Ng7 35. Qa5 Rcxe4 36. Qxc7 R4e7 37. Rd7 Rxd7 38. Qxd7 {[%mdl 4096] Endgame KQ-KRN} Re6 39. Qxa7 f5 40. Kg2 g5 41. Qd7 g4 42. Kf1 Kh7 43. Ke2 Kg6 44. Kf1 $2 (44. Qd5 $18) 44... Re4 $2 {[%mdl 8192]} (44... Kh7 $1 $11 45. Qf7 Rb6) 45. Kg2 Re6 46. h4 Re4 47. Kf1 Re6 48. Qd8 Re4 49. Qg5+ Kf7 50. Ke2 Re8 51. Kd3 Re6 52. Qf4 Re4 53. Qg5 Re6 $1 54. Kc4 Re8 55. Kd5 Re6 $2 {[#]} (55... Re7 $18 56. Qf4 Re4 57. Qc7+ Re7) 56. Qxg7+ $3 {[%mdl 576] Remove Defender, Deflection} Kxg7 57. Kxe6 {Accuracy: White = 59%, Black = 56%.} 1-0